000 00541nam a2200193Ia 4500
003 GCL
008 140319s9999 xx 000 0 eng d
040 _aGCL /
_cGCL
082 0 4 _a658
_bC M
100 1 _aCERTO, SAMUEL C.
245 1 0 _aMODERN MANAGEMNT: DIVERSITY, QUALITY, ETHICS AND THE GLOBAL ENVIRONMENT, 6th ed /
_cCERTO, SAMUEL C.
260 _a[S.N] :
_bALLYN AND BACON ،
_c1994
300 _a699 P
650 0 4 _aBUSINESS ETHICS
650 0 4 _aMANAGEMENT
650 0 4 _aQUALITY CONTROL
650 0 4 _aBUSINESS
942 _2ddc
_cBK
999 _c16729
_d16729